000 01290naa a22003617a 4500
001 BR8502175
003 BR-BrBNA
005 20240918175605.0
007 ta
008 230509b bl.||||| |||| 00| 0 por d
040 _aBR-BrBNA
_bpor
_cBiblioteca Nacional de Agricultura
041 _a(Pt)
072 _aJ15
_b3385
090 _aJ15 BR8502175
100 1 _aCastro, C.E.F. de
100 1 _aVidigal, J.C.
100 1 _aGarcia, J.L.M.
111 1 _a1. Congresso Brasileiro de Floricultura e Plantas Ornamentais
_cCampinas, SP (Brazil)
_d30 Jun - 4 Jul 1980
245 1 _aEfeito de sacarose e do nitrato de prata na durabilidade de rosas cultivar Pascali [Rosa spp.]
260 3 _aCampinas, SP (Brasil):
_c1985.
500 _aAnais do 1. Congresso Brasileiro de Floricultura e Plantas Ornamentais Campinas, SP (Brasil): 1985. p. 161-177 (BR8502175-AM)J15
650 _aROSA
650 _aVARIEDADE
650 _aPOS-COLHEITA
650 _aPRESERVATIVO
650 _aSACAROSE
650 _aNITRATO DE PRATA
650 _aTRATAMENTO
650 _aLONGEVIDADE
773 0 _tAnais do 1. Congresso Brasileiro de Floricultura e Plantas Ornamentais
_wJ15 BR8502175
_gCampinas, SP (Brasil), 1985. p. 161-177
909 _a202404
_bLucia
_c55
_dLucia Elande
942 _cAM
_2AGRIS
999 _c317363
_d317363